000 00581nam a2200193 i 4500
001 121947
003 ES-MaACL
005 20230906191856.0
007 t|
008 070214s1977 sp a |||| | spa d
080 _a159.961
245 0 4 _aLos poderes extrasensoriales /
_cD. Anzieu... [et al.] ; traducción: Federico Gorbea.
260 _aBarcelona :
_bCírculo de Lectores,
_c1977.
300 _a283 p. :
_bil. ;
_c25 cm.
650 4 _aPoderes psíquicos.
_9149124
700 1 _aAnzieu, Didier.
_9149125
700 1 _aGorbea, Federico.
_959130
852 _aES-MaACL
_jA-7313
999 _c121947
_d121947